01017cam a22003251i 450000100090000000300050000900500170001400800410003101000170007202000240008902000210011303800110013404000280014504200080017305000240018108200150020510000200022024501300024025000170037026400560038726400110044330000450045433600260049933700280052533800270055350400510058056300090063165000260064070000250066618589701NUST20220217115137.0150424t20162016inua b 001 0 eng  a 2015939612 a9780134031569 (hbk) a0134031563 (hbk) awaseem aDLCbengerdacDLCdDLC apcc00aHD2741b.L3153 201600a658.4bLAR1 aLarcker, David.10aCorporate governance matters :ba closer look at organizational choices and their consequences /cDavid Larcker, Brian Tayan. a2nd edition. 1aOld Tappan, New Jersey :bPearson Education,c2016. 4c©2016 axix, 441 pages :billustrations ;c24 cm atextbtxt2rdacontent aunmediatedbn2rdamedia avolumebnc2rdacarrier aIncludes bibliographical references and index. aHBK. 0aCorporate governance.1 aTayan, Brian,d1975-